| 000 | 00400nam a2200157Ia 4500 | ||
|---|---|---|---|
| 008 | 100122s9999 xx 000 0 und d | ||
| 082 |
_b53842 _aB920 |
||
| 100 | _aRAO CHANDRASHEKHAR | ||
| 245 | _aWORLD FEMOUS PERSONALITIES | ||
| 250 | _a0 | ||
| 260 |
_bVASAN BOOK DEPOT _c1996 |
||
| 300 | _a148 | ||
| 630 | _aWORLD FEMOUS PERSONALITIES | ||
| 730 | _aWORLD FEMOUS PERSONALITIES | ||
| 942 | _cBOOK | ||
| 999 |
_c376145 _d376142 |
||